[Event "HCL-E1559"]
[Site "www.playchess.de"]
[Date "2006.02.28"]
[Round "4"]
[White "One_i"]
[Black "hal1958"]
[WhiteElo "1705"]
[BlackElo "1444"]
[PlyCount "53"]
[Result "1-0"]

1.d4 {Hi, have a good game.}  Nf6 {have a nice 
game}  2.f4 d5 3.Nf3 Bf5 4.e3 e6 5.Be2 a6 6.O-O c5 
7.c3 c4 8.Ne5 Be7 9.Nd2 O-O 10.g4 Be4 11.g5 Nfd7 
12.Nxe4 Nxe5 13.Nf6+ gxf6 14.gxf6 Bxf6 15.fxe5 Bg7 
16.e4 b5 17.exd5 exd5 18.Qe1 Nc6 19.Qg3 Kh8 20.Kh1 
Qd7 21.Bg5 Nd8 22.Bg4 Qc6 23.Rf6 Ne6 24.Bf5 Qe8 
25.Rg1 Nxg5 26.Qxg5 Rg8 27.Qh5 1-0

[Event "HCL-T267"]
[Site "www.playchess.de"]
[Date "2006.02.28"]
[Round "5"]
[White "hal1958"]
[Black "wbaldan"]
[WhiteElo "1416"]
[BlackElo "1687"]
[PlyCount "125"]
[Result "1/2-1/2"]

1.e4 e5 2.Nf3 Nc6 3.Bc4 Nf6 4.Ng5 Bc5 5.Bxf7+ {A 
completely unknown opening for me. Seems 
interesting.}  Kf8 6.Bd5 Nxd5 7.exd5 Qxg5 8.Qf3+ 
Qf6 9.Qxf6+ gxf6 10.dxc6 dxc6 11.d3 Rg8 12.g3 Be6 
13.Bh6+ Ke7 14.a3 Rg6 15.Be3 Bxe3 16.fxe3 h5 
17.Nd2 Rag8 18.O-O-O h4 19.gxh4 R6g2 20.e4 Rh8 
21.Rdg1 Rxg1+ 22.Rxg1 Kf7 23.Nf3 c5 24.Kd2 c4 
25.Kc3 cxd3 26.cxd3 a5 27.b4 axb4+ 28.axb4 b5 
29.d4 exd4+ 30.Kxd4 Rd8+ 31.Kc3 Bc4 32.Nd4 Ra8 
33.h5 Ra3+ 34.Kb2 Ra2+ 35.Kc3 Rxh2 36.Nf5 Rxh5 
37.Rg7+ Kf8 38.Rxc7 Rh3+ 39.Kd4 Rd3+ 40.Kc5 Ra3 
41.Rc8+ Kf7 42.Nd6+ Ke7 43.Nxc4 bxc4 44.Kxc4 Re3 
45.Kd4 Re1 46.b5 Rd1+ 47.Ke3 Re1+ 48.Kd3 Rd1+ 
49.Ke2 Rb1 50.Rc5 Kd6 51.Rd5+ Ke6 52.Kd2 Rb4 
53.Kd3 Rb1 54.Rc5 Rd1+ 55.Ke2 Rd6 56.Ke3 Rd1 
57.Rc6+ Ke5 58.b6 Re1+ 59.Kd3 Rd1+ 60.Ke2 Rb1 
61.Kd2 Rb5 62.Kd3 Rb1 63.Kc2 {(offering draw)} 
 1/2-1/2

[Event "HCL-T267"]
[Site "www.playchess.de"]
[Date "2006.02.28"]
[Round "8"]
[White "wbaldan"]
[Black "golddim"]
[WhiteElo "1687"]
[BlackElo "1433"]
[PlyCount "45"]
[Result "1-0"]

1.e4 e5 2.Nf3 Nc6 3.Bc4 Nf6 4.Ng5 Bc5 5.Nxf7 Bxf2+ 
6.Kxf2 Nxe4+ 7.Ke3 Qe7 8.Nxh8 Qg5+ 9.Kxe4 Qf4+ 
10.Kd3 Qd4+ 11.Ke2 d5 12.Ke1 Bg4 13.Be2 Qe4 14.Kf1 
Qf4+ 15.Bf3 e4 16.d3 Qf6 17.dxe4 dxe4 18.Qe2 O-O-O 
19.Qxe4 Rd1+ 20.Kf2 Rxh1 21.Qxg4+ Kb8 22.Nc3 Ne5 
23.Qe4 1-0

[Event "HCL-B3883"]
[Site "www.playchess.de"]
[Date "2006.02.28"]
[Round "4"]
[White "cheloveck"]
[Black "nico21"]
[WhiteElo "1249"]
[BlackElo "1512"]
[PlyCount "71"]
[Result "1-0"]

1.e4 e5 2.Nf3 {hi}  Nc6 {hello}  3.Bc4 Nf6 4.Nc3 
h6 5.d3 Bb4 6.Bd2 O-O 7.a3 Bxc3 8.Bxc3 Re8 9.O-O 
d6 10.Qc1 Be6 11.b3 Bxc4 12.bxc4 a6 13.Rb1 Rb8 
14.h3 Ne7 15.Nh4 c6 16.f4 Ng6 17.Nf5 d5 18.fxe5 
Nxe5 19.cxd5 cxd5 20.Bxe5 Rxe5 21.exd5 Nxd5 22.Qb2 
f6 23.d4 Re8 24.Qb3 Kh8 25.Rbe1 Rxe1 26.Rxe1 Qa5 
27.Qg3 Qc7 28.Qxc7 Nxc7 29.Re7 Ne8 30.Kf2 b5 
31.Ra7 Kg8 32.Rxa6 b4 33.axb4 Rxb4 34.Ra8 Kf7 
35.c3 Rc4 36.Rxe8 1-0

[Event "HCL-A2565"]
[Site "www.playchess.de"]
[Date "2006.02.28"]
[Round "19"]
[White "Lennin"]
[Black "val2005"]
[WhiteElo "1490"]
[BlackElo "1675"]
[PlyCount "39"]
[Result "1-0"]

1.e4 {Hola!}  c5 {Hola, SUERTE...}  2.Nf3 d6 
3.Bb5+ Bd7 4.Bxd7+ Qxd7 5.O-O Nc6 6.Nc3 e6 7.d4 
cxd4 8.Nxd4 Be7 9.Be3 Bf6 10.Qd2 a6 11.Rad1 Rd8 
12.f4 Nge7 13.f5 Ne5 14.fxe6 fxe6 15.Nce2 Nc4 
16.Qc1 Nxe3 17.Qxe3 Nc6 18.c3 O-O 19.Rd3 Nxd4 
20.Nxd4 1-0

[Event "HCL-M892"]
[Site "www.playchess.de"]
[Date "2006.02.28"]
[Round "2"]
[White "DarianTomb"]
[Black "Tapiwa"]
[WhiteElo "1697"]
[BlackElo "1958"]
[PlyCount "36"]
[Result "0-1"]

1.d4 d5 2.c4 e6 3.Nc3 Nf6 4.Nf3 Bb4 5.Bg5 O-O 
6.cxd5 exd5 7.Qb3 c5 8.dxc5 Nc6 9.e3 Bxc5 10.O-O-O 
Be6 11.Qxb7 Rc8 12.Qb5 Be7 13.Kb1 Ng4 14.Bxe7 Nxe7 
15.Rd2 Qc7 16.Ka1 Rcb8 17.Qa4 Bf5 18.Nd4 Qxc3 
{Lets see what comes out of this!} 
 0-1

[Event "HCL-E1546"]
[Site "www.playchess.de"]
[Date "2006.02.28"]
[Round "32"]
[White "DarianTomb"]
[Black "Harijs"]
[WhiteElo "1672"]
[BlackElo "1832"]
[PlyCount "59"]
[Result "0-1"]

1.e4 e5 {Hello from Latvia!}  2.Nf3 Nf6 3.Nc3 Nc6 
4.Bb5 Bb4 5.O-O O-O 6.d3 d6 7.Bxc6 bxc6 8.Bd2 h6 
9.h3 Be6 10.a3 Ba5 11.Na4 Bxd2 12.Qxd2 Nh5 13.d4 
exd4 14.Nxd4 Qf6 15.Nc3 Nf4 16.Kh1 c5 17.Nxe6 fxe6 
18.Qe3 Rab8 19.b3 Qg6 20.Rfg1 e5 21.Rad1 Rf7 
22.Ne2 Ne6 23.Rd2 Rbf8 24.f3 Nd4 25.Rf1 Qh5 26.Kh2 
g6 27.Rg1 R7xf3 28.Ng3 Rxe3 29.Nxh5 gxh5 
30.g4 0-1

[Event "HCL-A2615"]
[Site "www.playchess.de"]
[Date "2006.02.28"]
[Round "6"]
[White "redstar"]
[Black "stevetilbury"]
[WhiteElo "1674"]
[BlackElo "1640"]
[PlyCount "44"]
[Result "0-1"]

1.e4 e6 2.d4 d5 3.Nc3 dxe4 4.Nxe4 Qd5 5.Nc3 Bb4 
6.Nf3 Nf6 7.Bd2 Bxc3 8.Bxc3 b6 9.Bd3 Ba6 10.O-O 
Bxd3 11.Qxd3 O-O 12.Rfe1 Nbd7 13.Bb4 Rfd8 14.c4 
Qh5 15.Qc3 c5 16.dxc5 Nxc5 17.Bxc5 bxc5 18.Re5 Qg6 
19.Rxc5 Ne4 20.Qa5 Nxc5 21.Qxc5 Qc2 22.b3 
Rd1+ 0-1

[Event "HCL-M892"]
[Site "www.playchess.de"]
[Date "2006.02.28"]
[Round "3"]
[White "truhart"]
[Black "DarianTomb"]
[WhiteElo "1790"]
[BlackElo "1697"]
[PlyCount "26"]
[Result "1-0"]

1.e4 {good luck}  c5 2.Nc3 Nc6 3.g3 e6 4.Bg2 Nf6 
5.Nge2 d5 6.exd5 exd5 7.d4 cxd4 8.Nxd4 Bb4 9.Qe2+ 
Kf8 10.Be3 Bxc3+ 11.bxc3 Qa5 12.O-O Qxc3 13.Nb5 
Qe5 1-0

[Event "HCL-E1546"]
[Site "www.playchess.de"]
[Date "2006.02.28"]
[Round "19"]
[White "DarianTomb"]
[Black "Coolhandluke"]
[WhiteElo "1672"]
[BlackElo "1491"]
[PlyCount "21"]
[Result "0-1"]

1.e4 d6 {Looking forward to an interesting game. 
Good luck}  2.d4 Nf6 3.Nc3 g6 4.f4 Bg7 5.Bc4 Nxe4 
6.Bxf7+ Kxf7 7.Nxe4 Rf8 8.Nf3 Kg8 9.O-O h6 10.c3 
Bf5 11.Qb3+ 0-1

[Event "HCL-E1546"]
[Site "www.playchess.de"]
[Date "2006.02.28"]
[Round "4"]
[White "Glomp"]
[Black "DarianTomb"]
[WhiteElo "1552"]
[BlackElo "1672"]
[PlyCount "22"]
[Result "1-0"]

1.e4 {Hello and good luck!}  c5 2.Nf3 d6 3.d4 cxd4 
4.Nxd4 Nf6 5.Nc3 g6 6.Be3 e5 7.Nf3 Nc6 8.h3 Qa5 
9.Bd3 h6 10.Qd2 Be6 11.O-O O-O-O 1-0

[Event "HCL-E1546"]
[Site "www.playchess.de"]
[Date "2006.02.28"]
[Round "5"]
[White "DarianTomb"]
[Black "Eishockeytorwart"]
[WhiteElo "1672"]
[BlackElo "1949"]
[PlyCount "41"]
[Result "0-1"]

1.e4 e5 {welcome from Mönchengladbach Germany}  
2.Nf3 Nc6 3.Bb5 a6 4.Ba4 Nf6 5.O-O Be7 6.Re1 b5 
7.Bb3 d6 8.h3 Bb7 9.d3 Na5 10.Nc3 Nxb3 11.axb3 O-O 
12.Be3 b4 13.Ne2 d5 14.exd5 Nxd5 15.Bd2 f6 16.Ng3 
Bc5 17.Ne4 Bb6 18.c4 Nf4 19.Bxf4 exf4 20.d4 Re8 
21.Nc5 0-1

[Event "HCL-M892"]
[Site "www.playchess.de"]
[Date "2006.02.28"]
[Round "9"]
[White "bobp"]
[Black "DarianTomb"]
[WhiteElo "1861"]
[BlackElo "1697"]
[PlyCount "40"]
[Result "1-0"]

1.d4 {Have a good game.}  Nf6 2.Nf3 e6 3.Bg5 Nc6 
4.e3 h6 5.Bh4 g5 6.Bg3 Ne4 7.Bb5 Nb4 8.c3 a6 9.Be2 
Nd5 10.Nbd2 Nxg3 11.hxg3 Bg7 12.Qc2 g4 13.Ne5 h5 
14.O-O-O Bxe5 15.dxe5 Qg5 16.Qe4 f5 17.Qc2 Qg7 
18.Kb1 b5 19.e4 Qxe5 20.exd5 Qxd5 1-0

[Event "HCL-E1546"]
[Site "www.playchess.de"]
[Date "2006.02.28"]
[Round "14"]
[White "PLAYCHESS1963"]
[Black "DarianTomb"]
[WhiteElo "1707"]
[BlackElo "1672"]
[PlyCount "46"]
[Result "1-0"]

1.e4 c5 2.Nf3 Nc6 3.d4 cxd4 4.Nxd4 Nf6 5.Nc3 Qb6 
6.Nb3 e5 7.Be3 Qd8 8.Bc4 Bb4 9.O-O Bxc3 10.bxc3 d6 
11.Bg5 h6 12.Bxf6 Qxf6 13.Qe2 Be6 14.Nd2 O-O 
15.Rfd1 Rad8 16.Bb3 Rd7 17.Nc4 Rfd8 18.Ne3 Rc7 
19.Rab1 Qf4 20.f3 {(offering draw)}  Na5 21.c4 Qh4 
22.Nd5 Nxb3 23.Nxc7 Nd4 1-0

[Event "HCL-B3895"]
[Site "www.playchess.de"]
[Date "2006.02.28"]
[Round "2"]
[White "pera"]
[Black "munther"]
[WhiteElo "1026"]
[BlackElo "1461"]
[PlyCount "94"]
[Result "0-1"]

1.e4 {Hi! have a nice game.}  c5 2.c4 Nc6 3.d3 g6 
4.Nc3 Bg7 5.Nd5 e6 6.Nf4 Nge7 7.Nf3 O-O 8.Ng5 h6 
9.Nf3 d5 10.exd5 exd5 11.cxd5 Nb4 12.a3 Qa5 13.Nd2 
Nexd5 14.Nxd5 Nxd5 15.Be2 Nf4 16.O-O Nxe2+ 17.Qxe2 
Qb5 18.Nc4 Qc6 19.Be3 b6 20.Bf4 Bb7 21.f3 Rfe8 
22.Ne5 Rxe5 23.Bxe5 Re8 24.f4 f6 25.d4 cxd4 
26.Rac1 Qd5 27.Qc4 Qxc4 28.Rxc4 Ba6 29.Rxd4 fxe5 
30.fxe5 Bxf1 31.Kxf1 Bxe5 32.Rd7 Bxb2 33.Rxa7 Kf8 
34.a4 Re7 35.Ra6 Bd4 36.Ra8+ Kf7 37.Rd8 Bc5 38.Rc8 
Ra7 39.g4 Rxa4 40.Rc7+ Kf6 41.Rh7 Rxg4 42.Rxh6 Rg5 
43.h4 Rh5 44.Rxh5 gxh5 45.Kg2 Kf5 46.Kg3 Ke4 
47.Kh3 Kf3 0-1

[Event "HCL-M872"]
[Site "www.playchess.de"]
[Date "2006.02.28"]
[Round "19"]
[White "Hopla"]
[Black "Palamede"]
[WhiteElo "1873"]
[BlackElo "2201"]
[PlyCount "74"]
[Result "0-1"]

1.c4 {Hello from Paris. Enjoy the game.}  c6 {Hi 
from Ljubljana and good luck!}  2.d4 d5 3.cxd5 
cxd5 4.Nc3 Nf6 5.Bf4 Nc6 6.e3 a6 7.h3 e6 8.Bd3 Bd6 
9.Nge2 O-O 10.O-O b5 11.Rc1 Bb7 12.Bxd6 Qxd6 
13.Nf4 Rfc8 14.Nh5 Ne8 15.f4 Rc7 16.f5 b4 17.Na4 
e5 18.f6 g6 19.Qg4 Kh8 20.Ng3 exd4 21.exd4 Nxd4 
22.Rxc7 Nxc7 23.Qxd4 Qxg3 24.Qxb4 Bc6 25.Rf3 Qe5 
26.Nc5 d4 27.Rf2 a5 28.Qb6 Bd5 29.Nd7 Qe1+ 30.Bf1 
Ne6 31.Qb5 Bxa2 32.b4 Qe3 33.bxa5 Ng5 34.Qb7 Rg8 
35.Nc5 d3 36.Nxd3 Ne4 37.Qe7 Bc4 0-1

[Event "HCL-C4148"]
[Site "www.playchess.de"]
[Date "2006.02.28"]
[Round "29"]
[White "Mercator"]
[Black "newplayer"]
[WhiteElo "1066"]
[BlackElo "1084"]
[PlyCount "43"]
[Result "1-0"]

1.d4 {Hello again, good luck}  d5 {hi thankx  good 
luck for you too}  2.c4 dxc4 3.Nf3 Nc6 4.e4 Bg4 
5.Bxc4 e6 6.Be3 Bb4+ 7.Nc3 Na5 8.Be2 Bxc3+ 9.bxc3 
Nf6 10.Rb1 Nxe4 11.Qc2 f5 12.c4 O-O 13.O-O h6 
14.h3 Bxf3 15.Bxf3 c6 16.Bxe4 fxe4 17.Qxe4 Qf6 
18.f4 Nxc4 19.Rxb7 Nxe3 20.Qxe3 g5 21.Qd3 Qh8 
22.Qg6+ 1-0

[Event "HCL-C4174"]
[Site "www.playchess.de"]
[Date "2006.02.28"]
[Round "1"]
[White "dg"]
[Black "klm"]
[WhiteElo "1214"]
[BlackElo "1101"]
[PlyCount "35"]
[Result "1-0"]

1.e4 e5 {Hallo! Grüße aus dem Schwarzwald!}  2.d3 
Nc6 3.Nf3 Bc5 4.Be3 Bxe3 5.fxe3 d6 6.d4 exd4 
7.exd4 f6 8.Bb5 Nge7 9.d5 a6 10.Ba4 b5 11.Bxb5 
axb5 12.dxc6 Nxc6 13.O-O f5 14.exf5 Bxf5 15.Nc3 b4 
16.Re1+ Ne7 17.Nd5 Kd7 18.Rxe7+ 1-0

[Event "HCL-A2592"]
[Site "www.playchess.de"]
[Date "2006.02.28"]
[Round "9"]
[White "Macko"]
[Black "narayanan"]
[WhiteElo "1823"]
[BlackElo "1700"]
[PlyCount "91"]
[Result "1-0"]

1.b4 e5 2.b5 Bc5 3.Bb2 d6 4.Nf3 Nf6 5.c4 a6 6.d4 
exd4 7.Bxd4 Be6 8.Bxc5 dxc5 9.Qxd8+ Kxd8 10.e3 
Nbd7 11.Ng5 Ne5 12.a3 Ke7 13.Nxe6 Kxe6 14.Be2 h5 
15.O-O h4 16.f4 Neg4 17.Bf3 Rab8 18.h3 Nh6 19.bxa6 
bxa6 20.Nc3 Nf5 21.Na4 Nd7 22.Bg4 Kf6 23.e4 Ne3 
24.Bxd7 Nxf1 25.Kxf1 g5 26.Nxc5 gxf4 27.Nxa6 Rbd8 
28.Bc6 Rd6 29.Nb4 Rg8 30.Bd5 Rg3 31.Nc6 Kg7 32.Ne7 
Kf6 33.Nf5 Rd3 34.Nxd6 cxd6 35.a4 f3 36.a5 fxg2+ 
37.Kxg2 Ke5 38.a6 Kf4 39.a7 Rd2+ 40.Kf1 Kg3 41.a8Q 
Rf2+ 42.Ke1 Rf3 43.Qg8+ Kxh3 44.Ke2 Rg3 45.Rh1+ 
Kg2 46.e5+ 1-0

[Event "HCL-C4016"]
[Site "www.playchess.de"]
[Date "2006.02.28"]
[Round "3"]
[White "Grunert"]
[Black "valpa"]
[WhiteElo "929"]
[BlackElo "1034"]
[PlyCount "48"]
[Result "1/2-1/2"]

1.d4 d5 2.e3 Nc6 3.Nf3 Nf6 4.Nc3 e6 5.g3 Bb4 6.Bd2 
O-O 7.a3 Bxc3 8.Bxc3 Re8 9.Bg2 Ne4 10.Ne5 Nxc3 
11.bxc3 Nxe5 12.dxe5 c6 13.O-O Qc7 14.Qd3 Qxe5 
15.Rab1 Qd6 16.Rfd1 b6 17.c4 Qe7 18.cxd5 exd5 
19.Rd2 Qd6 20.e4 Be6 21.exd5 cxd5 22.Bxd5 Bxd5 
23.Qxd5 Qxd5 24.Rxd5 Rac8 {(offering draw)} 
 1/2-1/2

[Event "HCL-A2565"]
[Site "www.playchess.de"]
[Date "2006.02.28"]
[Round "17"]
[White "carrillero"]
[Black "val2005"]
[WhiteElo "1604"]
[BlackElo "1675"]
[PlyCount "43"]
[Result "1-0"]

1.e4 {Hola. Suerte}  c5 {Hola, tambien te deseo 
suerte con los europeos...}  2.Nf3 {¿Cómo van las 
cosas en Nicaragua? ¿todavía hay sandinistas?}  d6 
{En política las cosas están revueltas, como en 
toda latinoamerica...Sandinistas siempre 
habrá....}  3.Bb5+ Bd7 4.Bxd7+ Qxd7 5.d4 cxd4 
6.Nxd4 Nc6 7.O-O e6 8.Nc3 a6 9.Nxc6 bxc6 10.Bf4 e5 
11.Bg3 Nf6 12.Qd3 Qb7 13.b3 Be7 14.f4 Rd8 15.fxe5 
dxe5 16.Qf3 Bc5+ 17.Bf2 Qa7 18.Rad1 O-O 19.Rd3 
Rxd3 20.cxd3 Rd8 21.h3 Bd4 22.Rd1 1-0

[Event "HCL-B3881"]
[Site "www.playchess.de"]
[Date "2006.02.28"]
[Round "12"]
[White "Mosselman"]
[Black "pytolo98"]
[WhiteElo "1345"]
[BlackElo "1173"]
[PlyCount "73"]
[Result "1-0"]

1.d4 {Enjoy!}  e6 2.e4 d5 {good luck}  3.Nc3 Bb4 
4.e5 Bxc3+ 5.bxc3 a6 6.c4 Ne7 7.Nf3 Nbc6 8.Ba3 Bd7 
9.Bd3 Na5 10.Qe2 O-O 11.O-O dxc4 12.Bxc4 Nxc4 
13.Qxc4 Bb5 14.Qc5 Re8 15.c4 b6 16.Qb4 Bc6 17.Rad1 
Bxf3 18.gxf3 Nf5 19.Qd2 Qh4 20.Bc1 h6 21.Qf4 Qe7 
22.a3 a5 23.Bb2 Nh4 24.Kh1 Ng6 25.Qe4 Qg5 26.Rfg1 
Qe7 27.Rg4 Nh8 28.Rdg1 g6 29.Bc1 h5 30.R4g3 Kf8 
31.Bh6+ Kg8 32.R3xg6+ fxg6 33.Rxg6+ Nxg6 34.Qxg6+ 
Kh8 35.Bg5 Reg8 36.Bf6+ Qg7 37.Qxh5+ 1-0

[Event "HCL-E1540"]
[Site "www.playchess.de"]
[Date "2006.02.28"]
[Round "3"]
[White "sejr"]
[Black "tuGGy"]
[WhiteElo "2100"]
[BlackElo "1522"]
[PlyCount "49"]
[Result "1-0"]

1.c4 f5 2.Nf3 Nf6 3.g3 e6 4.Bg2 c6 5.O-O d5 6.d3 
Bd6 7.Nc3 O-O 8.e4 fxe4 9.dxe4 dxe4 10.Ng5 e5 
11.Ncxe4 Be7 12.Qc2 Bf5 13.Nxf6+ Rxf6 14.Be4 h6 
15.Bxf5 hxg5 16.Bxg5 Rd6 17.Bxe7 Qxe7 18.Rad1 Na6 
19.a3 Rad8 20.Be4 Nc5 21.Rxd6 Qxd6 22.Bg6 a5 
23.Qf5 Rf8 24.Qh5 Rf6 25.Qh7+ 1-0

[Event "HCL-B3888"]
[Site "www.playchess.de"]
[Date "2006.02.28"]
[Round "8"]
[White "riziotis"]
[Black "Teegran"]
[WhiteElo "1283"]
[BlackElo "1400"]
[PlyCount "70"]
[Result "0-1"]

1.e4 c6 {Hi and good game !}  2.d4 d5 3.Nc3 dxe4 
4.Nxe4 Nd7 5.Bc4 Ngf6 6.Ng5 e6 7.N1f3 h6 8.Nxf7 
Kxf7 9.O-O Bd6 10.Re1 Nb6 11.Ne5+ Bxe5 12.dxe5 
Nfd5 13.Qh5+ g6 14.Qf3+ Kg7 15.Bd3 Qf8 16.Qg3 Ne7 
17.b3 Nf5 18.Bxf5 Qxf5 19.c4 Rd8 20.Ba3 Nd7 
21.Rad1 b6 22.b4 Ba6 23.b5 cxb5 24.cxb5 Bxb5 
25.Be7 Rdc8 26.Rd4 Qxe5 27.Qxe5+ Nxe5 28.Rde4 Nd3 
29.Rd1 Kf7 30.Bd6 Rc2 31.Re3 Rac8 32.Rf3+ Kg7 
33.Ba3 Rxa2 34.Rfxd3 Bxd3 35.Rxd3 
Ra1+ 0-1

[Event "HCL-M881"]
[Site "www.playchess.de"]
[Date "2006.02.28"]
[Round "2"]
[White "fjpv"]
[Black "little_Garry"]
[WhiteElo "2246"]
[BlackElo "2096"]
[PlyCount "76"]
[Result "1/2-1/2"]

1.e4 {Greetings from Portugal. 

Good luck. 
Happy New Year}  e5 {Have a nice game and a happy 
new year!!!}  2.Nf3 {Happy New Year to  you too}  
Nf6 3.Nc3 Nc6 4.Bb5 Bc5 5.O-O O-O 6.Nxe5 Nxe5 7.d4 
Bd6 8.f4 Neg4 9.e5 Bb4 10.exf6 Nxf6 11.f5 d5 
12.Bg5 c6 13.Bd3 h6 14.Bh4 Re8 15.Re1 Rxe1+ 
16.Qxe1 Bd6 17.Qe2 Bd7 18.Re1 Qc7 19.Bxf6 Bxh2+ 
20.Kh1 gxf6 21.Qg4+ Kf8 22.Qh4 Bf4 23.Qxf6 Kg8 
24.Re7 Rf8 25.Qh4 Bg5 26.Qg4 Qd6 27.Re3 Qf4 
28.Qxf4 Bxf4 29.Re7 Rd8 30.g4 b6 31.Kg2 Bc1 32.Nd1 
c5 33.dxc5 bxc5 34.b3 Kf8 35.Re1 Bc6 36.Kg3 Bd2 
37.Re2 Ba5 38.Nf2 Bc7+ {(offering draw)} 
 1/2-1/2

[Event "HCL-E1561"]
[Site "www.playchess.de"]
[Date "2006.02.28"]
[Round "28"]
[White "Vinci"]
[Black "pkchess"]
[WhiteElo "1561"]
[BlackElo "1674"]
[PlyCount "46"]
[Result "0-1"]

1.e4 {greetings from switzerland to a wonderful 
country with nice people! have a nice game!}  c5 
{Hello from Ontario, Canada. I would like to visit 
your country sometime. It is -4C here and windy. 
Have a nice game!}  2.Nf3 {Here in the east of 
switzerland, little and biggest city in the east 
named Chur (35'000 people), it is also about -3 
degrees but mostly sunny. you would like it here, 
the charme, but it's so small ;-)}  Nc6 {I live in 
a small town of about 8,500 people,but Ottawa, 
about 45 minutes away has close to a million 
people.People are mostly friendly here in the 
valley.}  3.Nc3 {i can imagine. we in switzerland 
feel somehow close to your people and country, 
probably because canada has a beautiful nature as 
we have and so the people have a understanding and 
feeling for this.}  e6 4.d4 cxd4 5.Nxd4 Nf6 6.f3 
Be7 7.Be3 O-O 8.Bc4 d5 9.Nxc6 bxc6 10.exd5 cxd5 
11.Bd3 Kh8 12.O-O d4 13.Bd2 {simple mistake, what 
a pity}  dxc3 14.Bxc3 Qb6+ 15.Kh1 Bb7 16.Qe2 Nd5 
17.Bd2 Nb4 18.f4 Nxd3 19.cxd3 Bf6 20.Bc3 Bd4 21.f5 
Bd5 22.f6 Rfg8 23.fxg7+ Rxg7 0-1

[Event "HCL-M881"]
[Site "www.playchess.de"]
[Date "2006.02.28"]
[Round "9"]
[White "dynachess"]
[Black "fjpv"]
[WhiteElo "2242"]
[BlackElo "2246"]
[PlyCount "81"]
[Result "1/2-1/2"]

1.d4 {Hello from france. Have a good game}  d5 
{Greetings from Portugal. Good luck}  2.Nf3 Nf6 
3.e3 e6 4.Bd3 c5 5.c3 Nc6 6.Nbd2 Bd6 7.O-O O-O 
8.dxc5 Bxc5 9.e4 Qc7 10.Qe2 Bb6 11.e5 Ng4 12.Bxh7+ 
Kxh7 13.Ng5+ Kg8 14.Qxg4 Qxe5 15.Ndf3 Qf6 16.Qh5 
Qh6 17.Qxh6 gxh6 18.Nh3 Kh7 19.Nf4 Bd8 20.Re1 b6 
21.Nd3 Ba6 22.Nde5 Nxe5 23.Nxe5 Rc8 24.Re3 Bc7 
25.Bd2 Bb5 26.Rae1 f6 27.Nd3 Kg6 28.Rf3 Bd7 
29.Nf4+ Bxf4 30.Rxf4 e5 31.Rh4 h5 32.Re3 Rfh8 
33.f4 e4 34.Rg3+ Kf7 35.Be3 b5 36.a3 a5 37.Bb6 
Rca8 38.Kf2 Be6 39.Re3 a4 40.Re1 Rab8 41.Bd4 
{(offering draw)}  1/2-1/2

[Event "HCL-E1555"]
[Site "www.playchess.de"]
[Date "2006.02.28"]
[Round "10"]
[White "Emerson"]
[Black "manolo_vs"]
[WhiteElo "1838"]
[BlackElo "1552"]
[PlyCount "37"]
[Result "1-0"]

1.e4 {welcome in our group and good luck!}  e5 
2.Qe2 Bc5 3.Nf3 d6 4.h3 Be6 5.c3 a6 6.d3 h6 7.g4 
Nd7 8.Bg2 f6 9.d4 exd4 10.cxd4 Ba7 11.Be3 Bf7 
12.Nc3 Ne7 13.Rd1 c6 14.e5 fxe5 15.dxe5 dxe5 
16.Nxe5 Be6 17.Bxa7 Rxa7 18.Rd6 O-O 
19.Rxe6 1-0

[Event "HCL-C4130"]
[Site "www.playchess.de"]
[Date "2006.02.28"]
[Round "10"]
[White "Grunert"]
[Black "newplayer"]
[WhiteElo "1023"]
[BlackElo "1088"]
[PlyCount "90"]
[Result "0-1"]

1.d4 d5 2.e3 c6 3.g3 h5 4.Bg2 h4 5.gxh4 Rxh4 6.Nf3 
Rh8 7.Nc3 Bg4 8.O-O f6 9.h3 Bxf3 10.Qxf3 Qd6 
11.Bd2 e5 12.dxe5 fxe5 13.Rfd1 e4 14.Qe2 Qe5 15.b3 
Bb4 16.Na4 Bxd2 17.Qxd2 g5 18.Qd4 Nd7 19.Qxe5+ 
Nxe5 20.Nc5 b6 21.Nb7 Rh6 22.Nd6+ Rxd6 23.c4 Nd3 
24.Bf1 dxc4 25.bxc4 Rad8 26.Bxd3 R6xd3 27.Rde1 Rc3 
28.Kh2 Rc2 29.Ref1 Rdd2 30.Kg3 Rxc4 31.Kg4 Rcc2 
32.Kxg5 Rcxa2 33.Rxa2 Rxa2 34.Rd1 Rxf2 35.Rd4 Nf6 
36.h4 c5 37.Rd6 c4 38.Rc6 b5 39.Rc8+ Kd7 40.Rf8 c3 
41.Rf7+ Kc8 42.Rf8+ Kb7 43.Rf7+ Ka6 44.Rxf6+ Rxf6 
45.Kxf6 c2 0-1

[Event "HCL-M873"]
[Site "www.playchess.de"]
[Date "2006.02.28"]
[Round "7"]
[White "AMT"]
[Black "Croxen"]
[WhiteElo "1914"]
[BlackElo "1816"]
[PlyCount "61"]
[Result "1-0"]

1.e4 {hi, gg & gl}  c6 {Greetings!}  2.d4 d5 3.e5 
Bf5 4.Nf3 e6 5.c3 Nd7 6.Be2 h6 7.O-O Ne7 8.Na3 Bh7 
9.Nc2 c5 10.dxc5 Nc6 11.b4 Ncxe5 12.Nxe5 Nxe5 
13.Bb5+ Nd7 14.Nd4 {I wish you a great 2006!}  a6 
{Happy New Year to you, too!}  15.Ba4 {thank you}  
Be7 16.c6 bxc6 17.Nxc6 Qc7 18.Nxe7 Kxe7 19.Be3 f6 
20.c4 dxc4 21.Bxd7 Qxd7 22.Bc5+ Ke8 23.Qh5+ Qf7 
24.Qf3 Rc8 25.Rfe1 Bd3 26.Qg4 Rc6 27.Rad1 e5 28.f4 
e4 29.Qf5 Qe6 30.Qg6+ Qf7 31.Rxe4+ 1-0

[Event "HCL-M873"]
[Site "www.playchess.de"]
[Date "2006.02.28"]
[Round "4"]
[White "Croxen"]
[Black "Edik"]
[WhiteElo "1816"]
[BlackElo "1888"]
[PlyCount "42"]
[Result "0-1"]

1.Nf3 d5 2.d4 Bf5 3.c4 e6 4.Qb3 b6 5.e3 Nf6 6.Ne5 
Nfd7 7.Nxd7 Qxd7 8.Nc3 c6 9.Bd2 Bd6 10.Rc1 Be7 
11.Be2 O-O 12.O-O dxc4 13.Bxc4 b5 14.Be2 e5 15.d5 
b4 16.Na4 Qxd5 17.Bc4 Qd6 18.Rfd1 a5 19.f3 Qg6 
20.Kh1 e4 21.g4 exf3 0-1

[Event "HCL-A2549"]
[Site "www.playchess.de"]
[Date "2006.02.28"]
[Round "4"]
[White "robinhood"]
[Black "shepherd"]
[WhiteElo "1700"]
[BlackElo "1656"]
[PlyCount "30"]
[Result "0-1"]

1.c4 Nf6 2.Nf3 g6 3.g3 Bg7 4.Bg2 O-O 5.O-O Nc6 
6.Nc3 {(offering draw)}  d6 7.b3 {when are u 
online??}  Ne4 {Almost always. But not alway on 
playchess. Why did you offer draw so early?}  
8.Bb2 Bf5 9.Nxe4 {simply!! happy new year}  Bxb2 
10.Rb1 Bg7 11.d3 a5 12.a3 d5 13.cxd5 Qxd5 14.Ned2 
Qd7 15.Nc4 b5 0-1

[Event "HCL-A2609"]
[Site "www.playchess.de"]
[Date "2006.02.28"]
[Round "8"]
[White "hal1958"]
[Black "Sobral"]
[WhiteElo "1431"]
[BlackElo "1434"]
[PlyCount "88"]
[Result "0-1"]

1.b4 {have a nice game}  e5 2.Bb2 Bxb4 {You too. 
Regards, from São Paulo, Brazil.}  3.Bxe5 Nf6 4.e3 
Nc6 5.Bb2 O-O 6.Nf3 d5 7.c4 Re8 8.cxd5 Nxd5 9.h3 
Bf5 10.Bc4 Nxe3 11.fxe3 Rxe3+ 12.Kf2 Re7 13.Re1 
Bc5+ 14.d4 Rxe1 15.Kxe1 Bd6 16.Nbd2 Bg3+ 17.Kf1 
Nb4 18.Qb3 Nc2 19.Bxf7+ Kh8 20.Rc1 Qe7 21.Bc4 Ne3+ 
22.Kg1 Re8 23.Ne5 Bxe5 24.dxe5 Qg5 25.Kf2 Nxc4 
26.Nxc4 Be4 27.g4 Rf8+ 28.Ke2 Qf4 29.Qe3 Qh2+ 
30.Ke1 Qh1+ 31.Kd2 Qg2+ 32.Qe2 Rf2 33.Qxf2 Qxf2+ 
34.Kc3 b5 35.Na5 b4+ 36.Kb3 Bd5+ 37.Nc4 a5 38.a3 
a4+ 39.Ka2 Qe2 40.axb4 Bxc4+ 41.Ka1 Qd3 42.Rc3 
Qd1+ 43.Rc1 Qb3 44.Kb1 a3 0-1

[Event "HCL-A2567"]
[Site "www.playchess.de"]
[Date "2006.02.28"]
[Round "2"]
[White "PartyJokker"]
[Black "wbaldan"]
[WhiteElo "1323"]
[BlackElo "1700"]
[PlyCount "50"]
[Result "0-1"]

1.e4 e5 2.Nf3 Nc6 3.Bb5 a6 4.Bxc6 dxc6 5.O-O f6 
6.c3 c5 7.d4 cxd4 8.cxd4 Bg4 9.d5 Bc5 10.Qb3 b6 
11.Nbd2 Qd7 12.Nc4 Ne7 13.Ncd2 Nc8 14.Nh4 Nd6 
15.h3 Bh5 16.Re1 g5 17.Nhf3 g4 18.hxg4 Qxg4 19.Nh2 
Qh4 20.g3 Bxf2+ 21.Kg2 Rg8 22.Re3 Bxe3 23.Qxe3 
O-O-O 24.Nhf1 f5 25.exf5 e4 0-1

[Event "HCL-C4083"]
[Site "www.playchess.de"]
[Date "2006.02.28"]
[Round "19"]
[White "epenz"]
[Black "janhsen"]
[WhiteElo "952"]
[BlackElo "800"]
[PlyCount "78"]
[Result "0-1"]

1.e4 e5 2.Nf3 Nf6 3.d3 Bd6 4.Be2 Ng4 5.h3 Nxf2 
6.Kxf2 O-O 7.Nc3 Bc5+ 8.Be3 d6 9.Bxc5 dxc5 10.Nxe5 
Qd4+ 11.Ke1 Qxe5 12.Bf3 Rd8 13.Qd2 Nc6 14.Kf2 Qd4+ 
15.Qe3 Qxe3+ 16.Kxe3 Nd4 17.Kd2 b5 18.g4 Nxf3+ 
19.Ke3 Nd4 20.Kd2 c4 21.g5 cxd3 22.cxd3 b4 23.Ne2 
Ba6 24.Rac1 Nxe2 25.Kxe2 Bxd3+ 26.Ke3 Rab8 27.Rhd1 
Ba6 28.Rxd8+ Rxd8 29.Rxc7 Rd3+ 30.Kf4 Rxh3 31.Rxa7 
h6 32.Rxa6 hxg5+ 33.Kxg5 f6+ 34.Kf5 Kf7 35.Rb6 
Rf3+ 36.Kg4 Rf2 37.Rxb4 g5 38.a4 Rf4+ 39.Kh5 
Rh4+ 0-1